Music Quiz

Random Music Quiz

Justin Bieber Lyrics Quiz Stats

 Plays Quiz not verified by Sporcle

Also try: House & Home Songs
Challenge
Share
Tweet
Embed
Score 0/8 Timer 02:00
0 Plays Today
Lyrics Song % Correct
And i was like (title) (title) (title) ooh like (title) (title) (title) noo like (title) (title) (title) like (title) (title) (title) ohh I thought you'd always be mine (mineBaby
94.6%
I just need (title) I,I don't need too much just (title) (title) I don't need something else I promise girl I swear I just need (title) I need somebody I need somebodySomebody to Love
82.2%
(title) I smileU Smile
79.5%
There's gonna be (title) (title) (title) (title) there's gonna be (title) I'm gonna put you first I'll show you what you're worth if you let me inside your world you'll be (title) One Less Lonely Girl
79.4%
I will (title) (I will fight) I will fight till forever (make it right) whenever you knock me down I will not stay on the ground Never Say Never
79.2%
cause shawty is a (title) miney mo lova shawty is a (title) miney mo lova shawty is a (title) miney mo lova shawty is a (title) miney mo lova Eenie Meenie
78%
(title) holding your hand (title) making you laugh (title) this is so sad (title) (title)) That Should Be Me
73.7%
I wish we had another time I wish we had another place but everything we have is (title) and there's nothing my heart can do but fight time and space cause I'm still (title) with yStuck in the Moment
70.7%

You're not logged in!

Compare scores with friends on all Sporcle quizzes.
Join for Free
OR
Log In

You Might Also Like...

Show Comments

Extras

Created Mar 6, 2011SourceReportNominate
Tags:Justin Bieber

Top Quizzes Today


Score Distribution

Your Account Isn't Verified!

In order to create a playlist on Sporcle, you need to verify the email address you used during registration. Go to your Sporcle Settings to finish the process.

Report this User

Report this user for behavior that violates our Community Guidelines.

Details: